[Event "Mittelfranken-ch"]
[Site "Germany"]
[Date "1995.??.??"]
[Round "3"]
[White "Zeltner, O."]
[Black "Willim, Michael"]
[Result "1-0"]
[WhiteElo "2025"]
[BlackElo "1920"]

1.e4 e6 2.d4 d5 3.Nc3 Bb4 4.e5 Qd7 5.Bd2 Bxc3 6.bxc3 b6 7.Nf3 Ba6 8.Bd3 Ne7
9.O-O Bxd3 10.cxd3 Nbc6 11.Ne1 O-O-O 12.Nc2 f6 13.f4 Nf5 14.Qe2 Qf7 15.Rae1 Rde8
16.Kh1 Qg6 17.Be3 h5 18.g3 Qg4 19.Qxg4 hxg4 20.Kg2 Rh5 21.Bg1 Kd7 22.Rf2 Nfe7
23.Rfe2 f5 24.Be3 Reh8 25.Rh1 b5 26.Na1 Nc8 27.Rb2 a6 28.Nb3 Ke7 29.Nc5 Nb8
30.a4 c6 31.axb5 axb5 32.c4 Na7 33.Ra2 Nc8 34.cxb5 cxb5 35.Ra5 Nc6 36.Rxb5 Nd8
37.Bc1 Na7 38.Rb6 Nac6 39.Ba3 Kf7 40.Nb3 g5 41.fxg5 Kg6 42.Bc1 R8h7 43.Be3 Rh3
44.Nc1 f4 45.Bxf4 Nxd4 46.Rd6 Nf3 47.Rxd8 Rxh2+ 48.Rxh2 Rxh2+ 49.Kf1 Rh1+
50.Kf2 d4 51.Nb3 Rh2+ 52.Kf1 Rh1+ 53.Ke2 Re1+ 54.Kf2 Rd1 55.Nxd4 Rxd3 56.Nxe6 Ra3
57.Nc5 Kf7 58.e6+ Ke7 59.Rd7+ Ke8 60.g6 Ra2+ 61.Ke3 Ra3+ 62.Nd3 Ra6 63.Rd6 Ra7
64.Rd7 Ra6 65.Bd6 Nd4 66.Re7+ Kf8 67.Rf7+ Kg8 68.e7 Nf5+ 69.Rxf5 Kg7 70.e8=Q  1-0

[Event "Goch op 6th"]
[Site "Goch"]
[Date "1995.??.??"]
[Round "5"]
[White "Jung, Thomas"]
[Black "Eitel, Philipp"]
[Result "1/2-1/2"]
[WhiteElo "2150"]
[BlackElo "2040"]

1.e4 e6 2.d4 d5 3.Nc3 Bb4 4.e5 Ne7 5.a3 Bxc3+ 6.bxc3 c5 7.Nf3 Bd7 8.dxc5 Ba4
9.Bd3 Nd7 10.Be3 Qc7 11.O-O Nxc5 12.Qd2 Nxd3 13.cxd3 Nc6 14.Rfe1 Na5 15.Nd4 Rc8
16.Rac1 Nc6 17.f4 Nxd4 18.Bxd4 b6 19.f5 Qd8 20.Qf4 Bb5 21.Qg4 Kd7 22.Qxg7 Qe7
23.Rf1 Rcf8 24.Rf3 Rfg8 25.fxe6+ fxe6 26.Qh6 Rf8 27.Rcf1 Rxf3 28.Rxf3 Rg8
29.Qh5 Rg7 30.Bf2 Kc8 31.Qh6 Rf7 32.Bh4 Qe8 33.Rf6 Bxd3 34.Rxf7 Qxf7 35.Qf6 Qe8
36.Qe7 Qxe7 37.Bxe7 Kd7 38.Bd6 Kc6 39.Kf2 Kb5 40.Ke3 Kc4 41.g4 Kxc3 42.Bb4+ Kc4
43.h4 d4+ 44.Kd2 a5 45.Bd6 b5 46.Kc1 Be4 47.Bc7 b4 48.axb4 Kxb4 49.Bb6 d3
50.Bd4 Kb3 51.Ba1 a4 52.Bd4 Kc4 53.Bb2 a3 54.Bxa3 Kd4 55.Bb2+ Ke3 56.Bc3 Kf4
57.g5 Kg4 58.Be1  1/2-1/2

[Event "Graz op"]
[Site "Graz"]
[Date "1995.??.??"]
[Round "2"]
[White "Margetic, D."]
[Black "Flecker, Wolfgang"]
[Result "1/2-1/2"]
[WhiteElo "1905"]
[BlackElo "2145"]

1.e4 e6 2.d4 d5 3.Nc3 Bb4 4.e5 Ne7 5.Qg4 Nf5 6.Nf3 h5 7.Qf4 c5 8.Bd3 cxd4
9.Bxf5 dxc3 10.Qxb4 cxb2 11.Bxb2 Nc6 12.Qc5 exf5 13.Rd1 Be6 14.c4 Qe7 15.Qxe7+ Nxe7
16.c5 Kd7 17.Nd4 Rhc8 18.Rc1 b6 19.Ba3 bxc5 20.Bxc5 Ng6 21.Nf3 Rc6 22.Kd2 Rac8
23.Bxa7 Ra6 24.Rxc8 Kxc8 25.Rc1+ Kb7 26.Bd4 Rxa2+ 27.Rc2 Rxc2+ 28.Kxc2 f4
29.Kc3 Bg4 30.Ng5 Be6 31.Nf3 Kc6 32.Kb4 Bg4 33.Ng5 Be6 34.Nf3 Ne7 35.Bc3 Nf5
36.Nd4+ Nxd4 37.Bxd4 Bf5 38.h4 Be4 39.g3 fxg3 40.fxg3 g6 41.Be3 Kd7 42.Kc5 Ke6
43.Kd4 Kf5 44.Bg5 Kg4 45.Bf4 Kf3 46.Kc5 Ke2 47.Kd4 Bg2 48.Bg5 Be4 49.Be3 Bb1
50.Bf4 Ba2 51.Kc3 Bc4 52.Kd4 Kf3 53.Kc3 Ke4 54.Kd2 d4 55.Kd1 Kd3 56.Bg5 Be6
57.Bh6 Bg4+ 58.Ke1 Ke4 59.Bf4 Kf3 60.Kd2 Bf5 61.Ke1 d3 62.Kd1 Kf2 63.Kd2 Be4
64.Kd1 Bf3+ 65.Kd2 Be2 66.Kc3 Ke1 67.Bd2+ Kd1 68.Bf4 Bf1 69.Bg5 Ke2 70.Bh6  1/2-1/2

[Event "Wch U20"]
[Site "Halle"]
[Date "1995.??.??"]
[Round "12"]
[White "Hellsten, Johan"]
[Black "Dyachkov, Sergej"]
[Result "0-1"]
[WhiteElo "2430"]
[BlackElo "2520"]

1.e4 e6 2.d4 d5 3.Nc3 Bb4 4.e5 Ne7 5.a3 Bxc3+ 6.bxc3 c5 7.Nf3 Bd7 8.a4 Qa5
9.Bd2 Nbc6 10.Bb5 Qc7 11.O-O O-O-O 12.Bc1 f6 13.Re1 c4 14.Ba3 Nf5 15.Qd2 h5
16.Bc5 b6 17.Nh4 bxc5 18.Nxf5 exf5 19.e6 Be8 20.Rab1 Nb8 21.e7 Rd6 22.Qf4 g6
23.dxc5 Qxc5 24.Bxe8 Rxe8 25.Re6 Rb6 26.Rbxb6  0-1

[Event "Hofheim MVT"]
[Site "Hofheim"]
[Date "1995.??.??"]
[Round "3"]
[White "Ramlow, Marcus"]
[Black "Drill, Frank"]
[Result "1/2-1/2"]
[WhiteElo "2125"]
[BlackElo "2155"]

1.d4 e6 2.e4 d5 3.Nc3 Bb4 4.e5 Qd7 5.Bd2 b6 6.a3 Bf8 7.f4 Ne7 8.Nf3 Ba6 9.Bxa6 Nxa6
10.Qe2 Nb8 11.Qf2  1/2-1/2

[Event "HUN-chT1"]
[Site "HUN"]
[Date "1995.??.??"]
[Round "?"]
[White "Madl, Ildiko"]
[Black "Portisch, Ferenc"]
[Result "1/2-1/2"]
[WhiteElo "2405"]
[BlackElo "2390"]

1.e4 e6 2.d4 d5 3.Nc3 Bb4 4.e5 Ne7 5.a3 Bxc3+ 6.bxc3 c5 7.Qg4 cxd4 8.Bd3 Qa5
9.Ne2 Nd7 10.Bd2 dxc3 11.Bxc3 Qc7 12.Qxg7 Rg8 13.Qxh7 Nxe5 14.O-O Bd7  1/2-1/2

[Event "HUN-chT1 9596"]
[Site "HUN"]
[Date "1995.??.??"]
[Round "1"]
[White "Kubacsny, Laszlo"]
[Black "Kiss, Laszlo"]
[Result "0-1"]
[WhiteElo "2335"]
[BlackElo "2275"]

1.e4 e6 2.d4 d5 3.Nc3 Bb4 4.e5 Ne7 5.a3 Bxc3+ 6.bxc3 c5 7.Qg4 O-O 8.Bd3 f5
9.exf6 Rxf6 10.Qh5 h6 11.Nf3 c4 12.Be2 Nbc6 13.g4 Qa5 14.Bd2 Bd7 15.g5 Be8
16.Qg4 hxg5 17.Nxg5 Nf5 18.h4 Nh6 19.Qg2 Bg6 20.Rc1 Raf8 21.f4 Qxa3 22.h5 Be8
23.Rg1 Qe7 24.Rb1 b5 25.Nf3 a6 26.f5 exf5 27.Ne5 Nxe5 28.dxe5 Re6 29.Bg5 Qf7
30.Bf6 Ng4 31.h6 Rxf6 32.exf6 Qxf6 33.Bxg4 Qxc3+ 34.Qd2 Qxd2+ 35.Kxd2 fxg4
36.Rxg4 g6 37.Rh1 Kh7 38.Rg5 Bc6 39.c3 d4 40.Rh2 dxc3+ 41.Kxc3 a5 42.Kd4 Bd7
43.Kc5 Rc8+ 44.Kd6 Bf5  0-1

[Event "HUN-chT2 9596"]
[Site "HUN"]
[Date "1995.??.??"]
[Round "3"]
[White "Kis, Jozsef"]
[Black "Karsai, Istvan"]
[Result "1-0"]
[WhiteElo "2110"]
[BlackElo "2170"]

1.e4 e6 2.d4 d5 3.Nc3 Bb4 4.e5 Ne7 5.a3 Bxc3+ 6.bxc3 c5 7.Qg4 Qc7 8.Bd3 Nbc6
9.Nf3 Bd7 10.a4 cxd4 11.O-O dxc3 12.Qxg7 O-O-O 13.Ba3 Rhg8 14.Qf6 Ng6 15.Bd6 Qa5
16.Rfb1 a6 17.Ra3 Be8 18.Rab3 Rd7 19.Rb6 Qxa4 20.Bxa6 Nd8 21.Bb5 Qa2 22.Bd3 Nf8
23.Qf4 Rxd6 24.exd6 Nd7 25.Qb4 e5 26.Qxc3+ Kb8 27.Qc7+ Ka7 28.Rxb7+  1-0

[Event "ISL-chT"]
[Site "Island"]
[Date "1995.??.??"]
[Round "?"]
[White "Vidarsson, Jon G"]
[Black "Johannesson, Larus"]
[Result "1-0"]
[WhiteElo "2325"]
[BlackElo "2290"]

1.e4 e6 2.d4 d5 3.Nc3 Bb4 4.e5 b6 5.Qg4 Bf8 6.h4 Qd7 7.h5 h6 8.a4 Nc6 9.Be3 Nge7
10.Nf3 Bb7 11.Be2 O-O-O 12.O-O f6 13.Bf4 Rg8 14.Bh2 f5 15.Qh3 g5 16.hxg6 Rxg6
17.Nh4 Nxd4 18.Nxg6 Nxg6 19.Bh5 Ne7 20.Qd3 c5 21.Nb5 Nec6 22.Nxd4 Nxd4 23.a5 Nc6
24.axb6 axb6 25.Qd2 c4 26.c3 Qg7 27.f4 d4 28.Bf3 Bc5 29.Kh1 d3 30.Bg1 Qe7
31.Bf2 Na5 32.Bxb7+ Kxb7 33.Qd1 Nb3 34.Qf3+ Rd5 35.Rad1 Bxf2 36.Qxf2 Nc5
37.Qf3 Ne4 38.Rfe1 Qc5 39.Re3 Qb5 40.Rxe4 fxe4 41.Qxe4 Qxb2 42.Qh7+ Ka6 43.Qg8 d2
44.Qc8+ Ka7 45.Qc7+ Ka8 46.Qxc4 Qc1 47.Qc6+ Kb8 48.Qxb6+ Ka8 49.Qa6+ Kb8
50.Qb6+ Ka8 51.Qb3 Rd7 52.Kh2 Rb7 53.Qa4+ Kb8 54.c4 Rb1 55.Qe8+ Kc7 56.Qe7+ Kb8
57.Qd8+ Kb7 58.Rxd2 Qg1+  1-0

[Event "Katowice op"]
[Site "Katowice"]
[Date "1995.??.??"]
[Round "5"]
[White "Staniszewski, Piotr"]
[Black "Morkisz, Bogdan"]
[Result "1/2-1/2"]
[WhiteElo "2415"]
[BlackElo "2220"]

1.e4 e6 2.d4 d5 3.Nc3 Bb4 4.e5 Ne7 5.a3 Bxc3+ 6.bxc3 c5 7.h4 Qa5 8.Bd2 Qa4
9.Qb1 a6 10.Nf3 Nbc6 11.Qb3 Qxb3 12.cxb3 cxd4 13.cxd4 Nf5 14.Bc3 h5 15.a4 O-O
16.Bd3 Bd7 17.Kd2 Rfc8 18.Rhg1 Nh6 19.b4 a5 20.b5 Ne7 21.Bb2 Ng4 22.Ke2 f6
23.exf6 gxf6 24.Rgc1 Kf7 25.Rxc8 Rxc8 26.Rc1 Rxc1 27.Bxc1 Nc8 28.Ne1 Kg7
29.Bc2 Nd6 30.f3 Nh6 31.Bxh6+ Kxh6 32.g4 hxg4 33.fxg4 e5 34.g5+ fxg5 35.hxg5+ Kxg5
36.Nf3+ Kf4 37.Nxe5 Bg4+ 38.Nxg4 Kxg4 39.Bb3 Ne4 40.Kd3 Nf6 41.Ke3 Kf5 42.Bc2+ Ke6
43.Kf4 Nh5+  1/2-1/2

[Event "Clarin op"]
[Site "La Carlota"]
[Date "1995.??.??"]
[Round "3"]
[White "Bronstein, Luis"]
[Black "Rodriguez, Al"]
[Result "1-0"]
[WhiteElo "2415"]
[BlackElo "2490"]

1.e4 e6 2.d4 d5 3.Nc3 Bb4 4.e5 Ne7 5.a3 Bxc3+ 6.bxc3 c5 7.a4 Nbc6 8.Nf3 Qa5
9.Qd2 Bd7 10.Bd3 O-O-O 11.O-O c4 12.Be2 f6 13.Ba3 Rdf8 14.Rfb1 Rf7 15.Rb5 Qd8
16.Rab1 Na5 17.Rc5+ Nac6 18.Rcb5 b6 19.a5 Nxa5 20.Rxa5 bxa5 21.Bd6 Nc6 22.Bxc4 dxc4
23.d5 exd5 24.Qxd5 Be8 25.Qxc4 Rc7 26.Qa6+ Kd7 27.Rd1 Rc8 28.Bc5+ Kc7 29.Bd6+ Kd7
30.Bc5+ Kc7 31.Rxd8 Rxd8 32.Nd4 Rd5 33.Bd6+ Rxd6 34.Nb5+ Kd7 35.exd6 Ke6
36.Qc8+  1-0

[Event "Clarin op"]
[Site "La Carlota"]
[Date "1995.??.??"]
[Round "5"]
[White "Gomez Baillo, Jorge H"]
[Black "Tempone, Marcelo"]
[Result "1/2-1/2"]
[WhiteElo "2420"]
[BlackElo "2435"]

1.e4 e6 2.d4 d5 3.Nc3 Bb4 4.e5 Qd7 5.Bd2 b6 6.Nh3 Ba6 7.Bxa6 Nxa6 8.Qg4 Bf8
9.O-O Ne7 10.Ne2 Nb8 11.Nhf4 g6 12.Qf3 Bg7 13.Nd3 h6 14.h4 Nbc6 15.h5 g5
16.Qh3 Rg8 17.c3  1/2-1/2

[Event "Leeuwarden op"]
[Site "Leeuwarden"]
[Date "1995.??.??"]
[Round "3"]
[White "Nijboer, Friso"]
[Black "De Jong, Migchiel"]
[Result "0-1"]
[WhiteElo "2485"]
[BlackElo "2260"]

1.e4 e6 2.d4 d5 3.Nc3 Bb4 4.e5 Ne7 5.a3 Bxc3+ 6.bxc3 b6 7.Qg4 Kf8 8.a4 c5
9.Ba3 Qc7 10.Nf3 Ba6 11.Bd3 Bxd3 12.cxd3 Nd7 13.O-O Kg8 14.c4 dxc4 15.dxc4 Ng6
16.Qe4 Rc8 17.Rfe1 cxd4 18.Bd6 Nc5 19.Qxd4 Nb3 20.Qb2 Qxc4 21.Nd2 Qd4 22.Qxb3 Qxd2
23.Qf3 h6 24.g3 Rc2 25.h4 h5 26.Rad1 Qc3 27.Qxc3 Rxc3 28.Rc1 Rd3 29.Rc7 a5
30.Rb7 Rd4 31.Rc1 Rh6 32.Rc8+ Kh7 33.Rxf7 Nxh4 34.gxh4 Rg6+ 35.Kf1 Rxh4 36.Rff8 Rh1+
37.Ke2 Rg4 38.Rce8 h4 39.Rxe6 h3 40.Rfe8  0-1

[Event "Ljubljana op"]
[Site "Ljubljana"]
[Date "1995.??.??"]
[Round "9"]
[White "Kos, Toni"]
[Black "Kodric, Martin"]
[Result "0-1"]
[WhiteElo "2235"]
[BlackElo "2245"]

1.e4 e6 2.d4 d5 3.Nc3 Bb4 4.e5 Qd7 5.Qg4 f5 6.Qd1 b6 7.a3 Bxc3+ 8.bxc3 Nc6
9.Nh3 Bb7 10.Nf4 O-O-O 11.Bb5 a6 12.Bd3 Kb8 13.Qe2 Ka7 14.a4 Na5 15.O-O Qc6
16.h4 Re8 17.Bd2 Ne7 18.Rfb1 Reg8 19.Qh5 Ng6 20.Nxg6 hxg6 21.Qxg6 Rxh4 22.f3 Qe8
23.Qxe8 Rxe8 24.Kf2 Reh8 25.Bg5 R4h5 26.f4 Nc4 27.Rb4 a5 28.Rbb1 Bc6 29.Be7 Rh2
30.Bg5 Kb7 31.Be7 Kc8 32.Bg5 Kd7 33.Re1 R8h4 34.Ra2 Ke8 35.Raa1 Rh8 36.Ra2 Nd2
37.Re2 Nb1 38.c4 Nc3  0-1

[Event "ESP-chJ"]
[Site "Los Barrios"]
[Date "1995.??.??"]
[Round "2"]
[White "Gonzalez, D."]
[Black "Paz Ladron de Guevara, Daniel"]
[Result "1-0"]
[WhiteElo "2250"]
[BlackElo "2085"]

1.e4 e6 2.d4 d5 3.Nc3 Bb4 4.e5 Ne7 5.a3 Bxc3+ 6.bxc3 c5 7.Nf3 Nbc6 8.Be2 Bd7
9.O-O Qc7 10.a4 b6 11.Ba3 Na5 12.Qd2 O-O 13.Qg5 Ng6 14.Bd3 Rac8 15.Qh5 Be8
16.Qh3 Qe7 17.Bc1 h6 18.Qg3 Qc7 19.h4 c4 20.Be2 Kh7 21.Nh2 f5 22.Qh3 Qf7
23.f4 Ne7 24.Ba3 Rg8 25.Kh1 Bd7 26.Rf2 g6 27.Nf1 Kg7 28.Ne3 Kf8 29.g4 Ke8
30.Rg1 Kd8 31.Bxe7+ Kxe7 32.gxf5 gxf5 33.Rfg2 Bxa4 34.Bh5 Rxg2 35.Bxf7 Rxg1+
36.Kxg1 Kxf7 37.Nxf5 Rg8+ 38.Ng3 Bxc2 39.Kf2 Nb3 40.f5 exf5 41.Nxf5 Rh8 42.Nd6+ Ke7
43.Ke3 Rf8 44.Qg3  1-0

[Event "Lyon op"]
[Site "Lyon"]
[Date "1995.??.??"]
[Round "8"]
[White "Santo Roman, Marc"]
[Black "Mollov, Elin"]
[Result "1-0"]
[WhiteElo "2465"]
[BlackElo "2370"]

1.e4 e6 2.d4 d5 3.Nc3 Bb4 4.e5 b6 5.a3 Bf8 6.Bb5+ c6 7.Ba4 Bd7 8.Nce2 c5
9.Bb3 Bb5 10.c3 Ne7 11.h4 Nbc6 12.h5 h6 13.g4 Rc8 14.f4 Qc7 15.Rh3 Bc4 16.Bc2 cxd4
17.Nxd4 Nxd4 18.cxd4 Nc6 19.Be3 Be7 20.Rc1 Qb7 21.Nf3 Bb5 22.Rh2 Na5 23.Ra1 Nc4
24.Bc1 Rc7 25.b3 Na5 26.Bb2 Kd7 27.Kf2 Rhc8 28.Kg3 Qa6 29.f5 Bg5 30.Nxg5 hxg5
31.Rf2 Ke7 32.fxe6 fxe6 33.Bc1 Rc3+ 34.Kg2 Bd3 35.Bxg5+ Ke8 36.Bxd3 Rxd3
37.Qf1 Nxb3 38.Rf8+ Kd7 39.Qf7+ Kc6 40.Qxe6+ Kb5 41.Rxc8 Nxa1 42.Qd7+ Ka5
43.Rc5+  1-0

[Event "CRO-chT"]
[Site "Makarska Tucepi"]
[Date "1995.??.??"]
[Round "?"]
[White "Vargic, Drago"]
[Black "Bukal, Vladimir Sr"]
[Result "1-0"]
[WhiteElo "2265"]
[BlackElo "2430"]

1.e4 e6 2.d4 d5 3.Nc3 Bb4 4.e5 Ne7 5.a3 Bxc3+ 6.bxc3 c5 7.Nf3 Nbc6 8.a4 Qa5
9.Qd2 Bd7 10.Bd3 Rc8 11.O-O h6 12.dxc5 O-O 13.Qe3 Ng6 14.Bd2 Qc7 15.Rfe1 Na5
16.Nd4 Nc4 17.Bxc4 dxc4 18.Qg3 Qxc5 19.a5 Qd5 20.h4 Kh7 21.Bc1 Rfe8 22.h5 Ne7
23.Qf4 Nf5 24.Re4 Bc6 25.f3 Qc5 26.Be3 Nxe3 27.Rxe3 Kg8 28.g4 Qe7 29.Kf2 a6
30.Rg1 Qh4+ 31.Qg3 Qxg3+ 32.Kxg3 Bd5 33.Ra1 Rc5 34.Ree1 Rb8 35.Reb1 Kf8 36.Rb4 Ke7
37.Raa4 f6 38.exf6+ gxf6 39.Rb6 Kd7 40.Ra1 Re8 41.Kf2 Kc7 42.Rbb1 Rg8 43.Re1 Kd7
44.Re2 Re8 45.Rd2 Rf8 46.Kg3 Kd6 47.Kh4 Rg8 48.f4 Ke7 49.Rf2 Kf7 50.Re2 Re8
51.Rf2 Be4 52.Re1 f5 53.g5 Rxa5 54.Rg1 Rg8 55.Rb1 b5 56.Rd1 Rd8 57.Rg1 Rg8
58.Rd1 hxg5+ 59.fxg5 Ra3 60.Ne2 e5 61.Ng3 Ke6 62.h6 Rxc3 63.Nxe4 fxe4 64.h7 Rh8
65.g6 e3 66.Re2 Kf5 67.Kh5 b4 68.Kh6 b3 69.g7  1-0

[Event "Marostica op"]
[Site "Marostica"]
[Date "1995.??.??"]
[Round "5"]
[White "Rosino, Antonio"]
[Black "Perezzani, Stefano"]
[Result "1-0"]
[WhiteElo "2220"]
[BlackElo "1985"]

1.e4 e6 2.d4 d5 3.Nc3 Bb4 4.e5 Qd7 5.Qg4 f5 6.Qh5+ g6 7.Qd1 b6 8.Nf3 Ba6
9.Bxa6 Nxa6 10.Qd3 Nb8 11.Bd2 Bf8 12.Ne2 c5 13.c4 dxc4 14.Qxc4 b5 15.Qc2 c4
16.a4 bxa4 17.Rxa4 Nc6 18.Rxc4 Nge7 19.O-O Bg7 20.Rc1 Rc8 21.Bg5 O-O 22.Qa4 Qb7
23.b4 h6 24.b5 Nxd4 25.Nexd4 Rxc4 26.Qxc4 hxg5 27.Qxe6+  1-0

[Event "Martigny op"]
[Site "Martigny"]
[Date "1995.??.??"]
[Round "?"]
[White "Golubev, Mihail"]
[Black "Huss, Andreas"]
[Result "1/2-1/2"]
[WhiteElo "2525"]
[BlackElo "2400"]

1.e4 e6 2.d4 d5 3.Nc3 Bb4 4.e5 Qd7 5.a3 Bxc3+ 6.bxc3 b6 7.Qg4 f5 8.Qg3 Bb7
9.Nh3 Nc6 10.Nf4 O-O-O 11.a4 Na5 12.Ba3 Nc4 13.Bxc4 dxc4 14.a5 Ne7 15.Qxg7 Nd5
16.Qxd7+ Kxd7 17.Nxd5 Bxd5 18.axb6 axb6 19.f3 Ra8 20.Kf2 Ra4 21.Bb2 Rha8
22.Rxa4 Rxa4 23.Ra1 Rxa1 24.Bxa1 Bc6 25.Ke2 Ba4 26.Kd1 Kc6 27.Bb2 Kd5 28.Bc1 c5
29.dxc5 Kxc5 30.Bf4 Kd5 31.Kd2 Kc6 32.h4 Kd7 33.Be3 b5 34.Bc5 Ke8 35.h5 Kf7
36.g4 fxg4 37.fxg4 Kg8 38.g5 Kf7 39.Bb6 Kg8 40.Bd8 Kf7  1/2-1/2

[Event "Capablanca mem"]
[Site "Matanzas"]
[Date "1995.??.??"]
[Round "8"]
[White "Rodriguez, Amador"]
[Black "Arencibia, Juan Joel"]
[Result "1/2-1/2"]
[WhiteElo "2520"]
[BlackElo "2435"]

1.e4 e6 2.d4 d5 3.Nc3 Bb4 4.e5 Ne7 5.a3 Bxc3+ 6.bxc3 b6 7.Qg4 Kf8 8.Nf3 h6
9.a4 Ba6 10.Bd3 Bxd3 11.cxd3 Nd7 12.O-O Kg8 13.c4 c5 14.Ba3 Rc8 15.Rac1 Kh7
16.cxd5 Nxd5 17.dxc5 bxc5 18.Rc4 N7b6 19.Rxc5 Rxc5 20.Bxc5 Qc7 21.Bd6 Qc3
22.Qe4+ g6 23.h4 Kg7 24.Nd4 Rc8 25.h5 gxh5 26.Ne2 Qd2 27.a5 Nd7 28.Ng3 Qg5
29.Qa4 Nf8 30.Ne4 Qg4 31.Qd1 Qg6 32.Qf3 Nh7 33.Rb1 Ng5 34.Nxg5 hxg5 35.Qe4 Qxe4
36.dxe4 Nc3 37.Rb4 a6 38.f3 Nb5 39.Rb2 f5 40.exf6+ Kxf6 41.Bb4  1/2-1/2

[Event "Minsk"]
[Site "Minsk"]
[Date "1995.??.??"]
[Round "7"]
[White "Kovalev, Andrei"]
[Black "Zitin, Yuri"]
[Result "1-0"]
[WhiteElo "2545"]
[BlackElo "2315"]

1.e4 e6 2.d4 d5 3.Nc3 Bb4 4.e5 Ne7 5.a3 Bxc3+ 6.bxc3 c5 7.Nf3 Qc7 8.h4 b6
9.h5 h6 10.Bb5+ Bd7 11.Bd3 Nbc6 12.Kf1 c4 13.Be2 f6 14.Bf4 g5 15.hxg6 Nxg6
16.Bg3 fxe5 17.Nxe5 Ngxe5 18.dxe5 O-O-O 19.Qd2 Rdf8 20.Rxh6 Ne7 21.Bg4 Rhg8
22.Rf6 Qd8 23.Bh3 Ng6 24.Rxe6  1-0

[Event "Mlada Boleslav op"]
[Site "?"]
[Date "1995.??.??"]
[Round "?"]
[White "Kholmov, Ratmir D"]
[Black "Grechanovskaya, Elena"]
[Result "1-0"]
[WhiteElo "2445"]
[BlackElo "2140"]

1.e4 e6 2.d4 d5 3.Nc3 Bb4 4.e5 Ne7 5.Nf3 c5 6.Bd2 Nbc6 7.a3 Bxc3 8.Bxc3 cxd4
9.Nxd4 Nxd4 10.Qxd4 Nc6 11.Qg4 O-O 12.O-O-O Qc7 13.f4 Rd8 14.Bd3 f6 15.exf6 e5
16.Qg5 e4 17.Bxe4 dxe4 18.f7+ Qxf7 19.Rxd8+ Nxd8 20.Qxd8+ Qf8 21.Qd5+ Qf7
22.Qxe4 Bf5 23.Qd4 Qg6 24.g4  1-0

[Event "Moscow op2"]
[Site "Moscow"]
[Date "1995.??.??"]
[Round "4"]
[White "Korneev, Dm V"]
[Black "Muratov, Vladimir A"]
[Result "1-0"]
[WhiteElo "2210"]
[BlackElo "2395"]

1.e4 e6 2.d4 d5 3.Nc3 Bb4 4.e5 Qd7 5.h4 h5 6.Be2 c5 7.a3 Bxc3+ 8.bxc3 Qc7
9.Rh3 Nc6 10.Bxh5 cxd4 11.cxd4 Nxd4 12.Bxf7+ Kxf7 13.Qxd4 Ne7 14.Rc3 Nc6
15.Qf4+ Kg8 16.Nf3 Bd7 17.Qg3 Rf8 18.Rb1 Rf5 19.Kf1 Qa5 20.Bd2 b6 21.Kg1 Qa4
22.Bg5 Kh7 23.Re1 Kg8 24.Bf6 Rh7 25.Qg6 Qf4 26.g4 Nd4 27.Rc8+  1-0

[Event "Moscow4"]
[Site "Moscow"]
[Date "1995.??.??"]
[Round "5"]
[White "Loskutov, Oleg"]
[Black "Moskalenko, Viktor"]
[Result "0-1"]
[WhiteElo "2305"]
[BlackElo "2525"]

1.e4 e6 2.d4 d5 3.Nc3 Bb4 4.e5 Ne7 5.a3 Bxc3+ 6.bxc3 b6 7.Bb5+ c6 8.Ba4 Ba6
9.Ne2 Nd7 10.O-O Rc8 11.Re1 Nf5 12.Ng3 Nxg3 13.fxg3 h5 14.h4 Nf8 15.Bb3 c5
16.dxc5 Rxc5 17.a4 Qc7 18.Ba3 Rh6 19.a5 Rxa5 20.Bd6 Qb7 21.Rxa5 bxa5 22.Qd4 Rg6
23.Ba4+ Nd7 24.Ra1 Qb6 25.Qxb6 axb6 26.Rb1 Kd8 27.Bxd7 Kxd7 28.Rxb6 Bc4 29.Kh2 f6
30.Rb8 Kc6 31.Ra8 Kb6 32.exf6 gxf6 33.Be7 Ba6 34.Rb8+ Bb7 35.Rh8 e5 36.Rxh5 a4
37.Rf5 Bc8 38.Rxf6+ Rxf6 39.Bxf6 a3 40.Bxe5 Kc5 41.c4 d4  0-1

[Event "Moscow-ch op"]
[Site "Moscow"]
[Date "1995.??.??"]
[Round "7"]
[White "Svistunov, K."]
[Black "Muratov, Vladimir A"]
[Result "1-0"]
[WhiteElo "2285"]
[BlackElo "2395"]

1.e4 e6 2.d4 d5 3.Nc3 Bb4 4.e5 b6 5.a3 Bxc3+ 6.bxc3 Qd7 7.Qg4 f5 8.Qg3 Ba6
9.Bxa6 Nxa6 10.Ne2 O-O-O 11.a4 Nb8 12.a5 Nc6 13.axb6 cxb6 14.O-O Na5 15.Nf4 g6
16.h4 Nc4 17.h5 Ne7 18.h6 Kb7 19.Nh3 Rc8 20.Bg5 Rhf8 21.Qh4 Ng8 22.Nf4 Rf7
23.Rfe1 Ne7 24.Nh3 Ng8 25.Re2 a5 26.Bf6 Nxf6 27.exf6 Rcf8 28.Rae1 Rxf6 29.Nf4 e5
30.dxe5 Rc6 31.e6 Qd6 32.e7 Re8 33.Re6 Qd7 34.Rxc6 Qxc6 35.Ne6 Qd7 36.Ng7 Nd6
37.Nxe8 Nxe8 38.Qd4 Qc6 39.Re5 Nc7 40.e8=Q Nxe8 41.Re7+ Ka6 42.Rxh7 Nf6 43.Rf7 Ng4
44.h7 Qe8 45.Re7 Qxe7 46.Qd3+  1-0

[Event "JUG-ch sf"]
[Site "Nis"]
[Date "1995.??.??"]
[Round "?"]
[White "Aleksic, Milan"]
[Black "Kontic, Djordje"]
[Result "1/2-1/2"]
[WhiteElo "2325"]
[BlackElo "2400"]

1.e4 e6 2.d4 d5 3.Nc3 Bb4 4.e5 Ne7 5.a3 Bxc3+ 6.bxc3 c5 7.Nf3 Qa5 8.Bd2 Nbc6
9.a4 Bd7 10.Bb5 Qc7 11.O-O Na5 12.Bd3 Nc4 13.Bc1 Qa5 14.Qe1 cxd4 15.Nxd4 Nc6
16.Nb5 N6xe5 17.Nd6+ Kf8 18.Ba3 Kg8 19.Bb4 Qc7 20.Nb5 Bxb5 21.axb5 Nxd3 22.cxd3 Nd6
23.Bxd6 Qxd6 24.Qe3 a6 25.f4 h6 26.f5 Kh7 27.f6 g5 28.d4 Rhg8 29.Rae1 Rg6
30.bxa6 bxa6 31.Ra1 Kg8 32.Ra5 Qd8 33.Rfa1 Qxf6 34.Rxa6 Rxa6 35.Rxa6 Qf5
36.Ra1 Rf6 37.Rc1 Qf4 38.Re1 Qxe3+ 39.Rxe3 Kh7 40.g3 g4 41.Kg2 Kg6 42.h3 h5
43.hxg4 hxg4 44.Rd3 Rf5 45.Re3 Kf6 46.Rd3 Ke7  1/2-1/2

[Event "JUG-chT"]
[Site "Nis"]
[Date "1995.??.??"]
[Round "?"]
[White "Knezevic, Bojan"]
[Black "Sparic, Nebojsa"]
[Result "1/2-1/2"]
[WhiteElo "2390"]
[BlackElo "2220"]

1.e4 e6 2.d4 d5 3.Nc3 Bb4 4.e5 Ne7 5.a3 Bxc3+ 6.bxc3 c5 7.a4 Nbc6 8.Nf3 Qa5
9.Qd2 Bd7 10.Bd3 f6 11.O-O c4 12.Be2 Ng6 13.Re1 O-O-O 14.Bf1 fxe5 15.Nxe5 Ngxe5
16.dxe5 Rdg8 17.Ba3 g5 18.Bd6 h5 19.Reb1 Nd8 20.Qd4 Rh7 21.Bc5 Kb8 22.Bb4 Qa6
23.a5 Rf7 24.Bd6+ Ka8 25.g3 Rf5 26.Ra3 Nf7 27.Rb6 axb6 28.axb6 Nxd6 29.Rxa6+ bxa6
30.exd6 Kb7  1/2-1/2

[Event "NLD-chT9596"]
[Site "?"]
[Date "1995.??.??"]
[Round "?"]
[White "Booij, Johan"]
[Black "Bertholee, Rob"]
[Result "1-0"]
[WhiteElo "2290"]
[BlackElo "2345"]

1.e4 e6 2.d4 d5 3.Nc3 Bb4 4.e5 b6 5.a3 Bf8 6.Nf3 Qd7 7.Bb5 Nc6 8.O-O Bb7
9.Re1 Nge7 10.Ne2 O-O-O 11.a4 a6 12.Bd3 Nb4 13.a5 Nec6 14.axb6 cxb6 15.Nf4 Nxd3
16.Qxd3 Kb8 17.Bd2 Rc8 18.Ra2 Be7 19.Nh5 g6 20.Nf6 Qd8 21.c3 h6 22.Bf4 Na5
23.h4 Qc7 24.Qd2 Qc4 25.Rxa5 bxa5 26.Bxh6 Rc7 27.Bg7 Rhc8 28.g4 Bf8 29.Bxf8 Rxf8
30.h5 Rh8 31.h6 a4 32.h7 a3 33.bxa3 Qxc3 34.Qxc3 Rxc3 35.Ng5 Rc7 36.Rb1 Kc8
37.Rb6 Kd8 38.Ng8 Ke8 39.Nf6+ Kf8 40.Kg2 Re7 41.Ng8 Rc7 42.Nf6 Bc8 43.Rd6 Kg7
44.Ng8 Rc4 45.Rd8 Rxd4 46.Kg3 Rc4 47.Re8 Rc7 48.f3 d4 49.Nf6 Rxh7 50.Ngxh7 g5
51.Nxg5 d3 52.Rg8+ Kh6 53.Nxf7+ Rxf7 54.g5+  1-0

[Event "NLD-chT9596"]
[Site "?"]
[Date "1995.??.??"]
[Round "?"]
[White "Riemersma, Liafbern"]
[Black "Blees, Albert"]
[Result "1/2-1/2"]
[WhiteElo "2435"]
[BlackElo "2410"]

1.e4 e6 2.d4 d5 3.Nc3 Bb4 4.e5 Ne7 5.a3 Bxc3+ 6.bxc3 b6 7.Qg4 Ng6 8.h4 h5
9.Qg3 Ba6 10.Ne2 Kf8 11.a4 Nc6 12.Nf4 Bxf1 13.Nxg6+ fxg6 14.Kxf1 Qe8 15.Qd3 Kg8
16.Rh3 Kh7 17.Ba3 Ne7 18.Bxe7 Qxe7 19.Rg3 Qf7 20.c4 Rhf8 21.Rf3 Qd7 22.cxd5 Qxd5
23.Rg3 Rf5 24.c4 Qd7 25.a5 Rd8 26.axb6 axb6 27.Rd1  1/2-1/2

[Event "Novgorod op"]
[Site "Novgorod"]
[Date "1995.??.??"]
[Round "9"]
[White "Dolmatov, Sergey"]
[Black "Danielian, Oganes"]
[Result "1/2-1/2"]
[WhiteElo "2605"]
[BlackElo "2455"]

1.e4 e6 2.d4 d5 3.Nc3 Bb4 4.e5 b6 5.a3 Bf8 6.f4 c5 7.Nf3 Ne7 8.Bb5+ Bd7 9.Bd3 Nbc6
10.Be3 c4 11.Be2 Nf5 12.Bf2 h5 13.g3 Be7 14.Qd2 a6 15.h3 b5 16.Kf1 f6 17.Kg2 fxe5
18.fxe5 O-O 19.Raf1 Be8 20.g4 Nh4+ 21.Nxh4 Rxf2+ 22.Rxf2 Bg5 23.Rf4 Bxf4
24.Qxf4 Qxh4 25.Rf1 Bg6 26.Bd1 hxg4 27.Bxg4 Qe7 28.Rf2 b4  1/2-1/2

[Event "Noyabrsk"]
[Site "Noyabrsk"]
[Date "1995.??.??"]
[Round "4"]
[White "Landa, Konstantin"]
[Black "Moskalenko, Viktor"]
[Result "1-0"]
[WhiteElo "2500"]
[BlackElo "2525"]

1.e4 e6 2.d4 d5 3.Nc3 Bb4 4.e5 Ne7 5.Bd2 b6 6.Qg4 Nf5 7.Bd3 h5 8.Qf4 Bxc3
9.Bxc3 Qh4 10.Qd2 Ba6 11.Bxf5 exf5 12.O-O-O Nc6 13.Nh3 Nd8 14.Nf4 Ne6 15.g3 Qd8
16.Nxe6 fxe6 17.Bb4 Rc8 18.Qe3 Qd7 19.Ba3 Kf7 20.Rd2 Qa4 21.Kb1 Bc4 22.h4 b5
23.Qc3 c5 24.dxc5 a5 25.Qd4 Rhd8 26.Rhd1 Bxa2+ 27.Kxa2 b4 28.c3 Rb8 29.c6 Qxc6
30.cxb4 axb4 31.Bxb4 Qa4+ 32.Ba3 Qb3+ 33.Ka1 Rdc8 34.Qe3 Qa4 35.Qg5 Kg8 36.Qe7 Rc6
37.f3 Qb3 38.Rd3 Qc2 39.Qa7 Rbc8 40.Qb7 Qe2 41.f4 Rc2 42.Ka2 R8c4 43.Qe7 Rc6
44.R1d2 Rxd2 45.Rxd2 Qc4+ 46.b3 Qc3 47.Qe8+ Kh7 48.Qxh5+ Kg8 49.Qe2 Qxg3
50.Qb5 Qxf4 51.Rg2 Qf3 52.Rxg7+ Kxg7 53.Qxc6 Qf2+ 54.Bb2 f4 55.Qd7+ Kh8 56.h5 f3
57.h6 Qg2 58.Qg7+ Qxg7 59.hxg7+ Kxg7 60.Bd4 Kg6 61.b4 Kf5 62.b5 Ke4 63.Bf2 Kxe5
64.Bg3+  1-0